000 00463nam a2200193Ia 4500
008 101110s9999 xx 000 0 und d
041 _aMARATHI
082 _bSR4022
_a891.4611009
100 _aBhosale D.T.
245 _aDnyaneshvari Adhyay Pahila
365 _b3
520 _aMarathi
546 _aMARATHI
630 _aDnyaneshvari Adhyay Pahila
650 _aMarathi
655 _aMarathi
730 _aDnyaneshvari Adhyay Pahila
942 _cBOOK
999 _c800377
_d800374